Culture Générale - Série 2515 - Statistiques

Statistiques générales
  • Ce quiz a été pris 85 fois
  • Le résultat moyen est 5 sur 10
Statistiques - réponses
Question Réponse % Correct
Examen systématique de l'état de santé d'une personne (anglicisme synonyme de "bilan de santé") check-up
81%
Activité non rétribuée et librement choisie qui s'exerce en général au sein d'une institution sans but lucratif bénévolat
78%
Dans quelle ville allemande l'inspecteur Derrick (série TV des années 1970- 2000) enquête-t-il sur des affaires de meurtres ? Munich
75%
Quel mot d'origine anglo-saxonne désigne un chanteur de variétés, interprétant des chansons de charme crooner
66%
Regarder quelqu'un, quelque chose à la dérobée, du coin de l'œil, avec envie - Convoiter secrètement quelque chose, avoir des vues dessus - Regarder quelqu'un avec insistance et dans une intention particulière - 7 lettres commençant par " l " lorgner
46%
Cuire longtemps à petit feu - 8 lettres commençant par " m " mitonner
39%
Dans quel pays se trouve la ville d'Espoo (Esbo) ? Finlande
35%
Quel verbe synonyme de" jeter, lancer" est employé souvent dans l'expression " le soleil ... ses rayons darder
29%
Télescope à neutrinos immergé en Méditerranée, au large de La Seyne-sur-Mer (près de Toulon en France) - étoile de la constellation du scorpion - voir photo Antares
1%
Vieil homme borné (familier) - vieux cordage (marine) 7 lettres commençant par " b " baderne
0%
Aucun quiz correspondant
Distribution des résultats
% des personnes avec chaque résultat
Percentile par nombre de réponses
Votre historique - résultats
Vous n’avez pas pris ce quiz